«Ազգը չէ մեռած, եւ անհնա՝ր է որ մեռնի» : (Record no. 90102)
[ view plain ]
| 000 -LEADER | |
|---|---|
| fixed length control field | 00709nam a2200205 u 4500 |
| 001 - CONTROL NUMBER | |
| control field | 000251407 |
| 003 - CONTROL NUMBER IDENTIFIER | |
| control field | AM-YeHGA |
| 005 - DATE AND TIME OF LATEST TRANSACTION | |
| control field | 20250618071703.0 |
| 008 - FIXED-LENGTH DATA ELEMENTS--GENERAL INFORMATION | |
| fixed length control field | 030731s1985 ly |||||||||||||||||arm|c |
| 040 ## - CATALOGING SOURCE | |
| Original cataloging agency | AM-YeHGA |
| 041 0# - LANGUAGE CODE | |
| Language code of text/sound track or separate title | arm |
| 090 ## - LOCALLY ASSIGNED LC-TYPE CALL NUMBER (OCLC); LOCAL CALL NUMBER (RLIN) | |
| -- | 91391 |
| 100 0# - MAIN ENTRY--PERSONAL NAME | |
| Personal name | Թեոդիկ, |
| Dates associated with a name | 1873-1928 |
| 9 (RLIN) | 3525 |
| 245 11 - TITLE STATEMENT | |
| Title | «Ազգը չէ մեռած, եւ անհնա՝ր է որ մեռնի» : |
| Remainder of title | Բանտի եւ աքսորի տարիներ / |
| Statement of responsibility, etc. | Թէոդիկ. |
| 260 ## - PUBLICATION, DISTRIBUTION, ETC. | |
| Place of publication, distribution, etc. | Անթիլիաս : |
| Name of publisher, distributor, etc. | Կաթողիկոսութեան Հայոց Կիլիկիոյ, |
| Date of publication, distribution, etc. | 1985. |
| 300 ## - PHYSICAL DESCRIPTION | |
| Extent | 175 էջ : |
| Other physical details | դիմանկ. |
| 650 14 - SUBJECT ADDED ENTRY--TOPICAL TERM | |
| Topical term or geographic name entry element | Հայոց պատմություն |
| 653 0# - INDEX TERM--UNCONTROLLED | |
| Uncontrolled term | Ցեղասպանություն |
| 942 ## - ADDED ENTRY ELEMENTS (KOHA) | |
| Source of classification or shelving scheme | Universal Decimal Classification |
| Koha item type | Գրքեր / Books |
| Withdrawn status | Lost status | Source of classification or shelving scheme | Damaged status | Not for loan | Home library | Current library | Date acquired | Total checkouts | Full call number | Barcode | Date last seen | Price effective from | Koha item type | Public note | Collection |
|---|---|---|---|---|---|---|---|---|---|---|---|---|---|---|---|
| Universal Decimal Classification | Fundamental Scientific Library | Fundamental Scientific Library | 22/12/2016 | AII/79499 | 220079499 | 22/12/2016 | 22/12/2016 | Գրքեր / Books | 30 Days Loan | ||||||
| Universal Decimal Classification | Fundamental Scientific Library | Fundamental Scientific Library | 22/12/2016 | AII/81428 | 220081428 | 22/12/2016 | 22/12/2016 | Գրքեր / Books | 30 Days Loan | General |
ՀՀ Գիտությունների ազգային ակադեմիայի հիմնարար գիտական գրադարան = Fundamental Scientific Library of NAS RA
All site content, except where otherwise noted, is licensed under a